000 03810nab a2200397 i 4500
003 BR-BrBNA
005 20240814120601.0
008 240814b2018 bl.|r|pooa||| 00| 0 por |
040 _aBR-BrBNA
_bpor
072 _aL50
_b8140
072 _aL70
100 _aNeves, M.S.
100 _aCouto, M.V.S.
100 _aSousa, N.C.
100 _aSantos, R.F.B.
100 _aDias, H.M.
100 _aAbe, H.A.
100 _aDias, J.A.R.
100 _aCunha, F.S.
100 _aTavares Dias, M.
100 _aFujimoto, R.Y.
245 _aResposta hematológica do cascudo ornamental amazônico Peckoltia oligospila ao estresse de transporte
500 _aPublicação online; 26 ref.; 3 illus.; Summaries (En, Pt)
520 _a RESUMO - O objetivo deste trabalho foi avaliar as respostas hematológicas do acari-bola Peckoltia oligospila submetido ao estresse de transporte. Variações nos parâmetros de sangue foram analisadas às zero, seis, 24, 48, 72 e 96 horas após o transporte. Respostas ao estresse foram observadas entre zero e seis horas do transporte, mas a maioria dos parâmetros retornou aos valores basais em 24 horas. O tempo de zero hora (momento imediato após transporte) foi o mais crítico, com valores elevados de glicemia, eritrócitos e eritroblastos. Respostas secundárias tardias foram observadas para a proteína plasmática total, o volume corpuscular médio (VCM) e a hemoglobina corpuscular média (HCM) em seis horas após o transporte dos peixes, retornando aos valores basais após esse período. O número de leucócitos não sofreu alterações após o transporte. O estresse de transporte não comprometeu a fisiologia de P. oligospila, o que indica que esse peixe é resistente ao estresse se comparado com outras espécies. Porém, recomenda-se que não se realize qualquer outro procedimento estressante durante pelo menos 24 horas da recuperação dos peixes após transporte, para garantir a saúde e a sobrevivência dos animais transportados. Palavras-chave: peixe endêmico, fisiologia, sangue, sanidade
520 _a ABSTRACT - The objective of this work was to evaluate the hematological responses of bola-pleco (Peckoltia oligospila) undergoing the stress of transportation. Variations on blood parameters were analyzed at 0, 6, 24, 48, 72 and 96h after transportation. Responses to stress were detected from 0 to 6h after the transportation of fish, however, most parameters returned to baselines values within 24h of transportation. The moment of 0h was the most critical, presenting higher values of glycemia, erythroblasts and erythrocytes. Late secondary responses were observed to total plasmatic protein, mean corpuscular volume (MCV) and mean corpuscular hemoglobin (MCH) at 6h, returning to baselines values after this time. Leukocyte number was not affected by stress of transportation. The stress by transportation was not severe to influence the health of P. oligospila, indicating that fish is resistant to stress if compared to other species. However, we recommended no stressful procedures for at least 24 hours for recovery, in order to ensure health and survival of fish. Keywords: endemic fish, physiology, blood, health
650 _aPEIXE ORNAMENTAL
650 _aSTRESS
650 _aTRANSPORTE
650 _aHEMATOLOGIA
650 _aBIOQUÍMICA
650 _aSANIDADE ANIMAL
773 0 _01643
_9317174
_dBelo Horizonte-MG Universidade Federal de Minas Gerais - Escola de Veterinaria 1983
_o2024-3790
_tArquivo Brasileiro de Medicina Veterinária e Zootecnia (Brazil)
_x0102-0935
_gv. 70(1) p. 13-19; (2018)
_wBR2024002269
856 _uhttps://www.scielo.br/j/abmvz/a/bwYVbfLXw8gbLNbhw86D3ry/?format=pdf&lang=pt
942 _cAnalítica
999 _c300890
_d300890